000 00798na a2200253 4500
001 20471
003 MIRAKIL
005 20181213155046.0
008 170120b tu 000 0
040 _aMilas
_btur
_cTR-AnCHP
041 _atur
082 _a551.22056225
_bE66s 2000
090 _a551.22056225 E66s 2000
100 _aEroğlu, Türker
245 _aSakarya ve deprem
_cTürker Eroğlu, Vahap Tecim; editör Türker Eroğlu
260 _aSakarya
_bSakarya Valiliği
_c2000
300 _a163 s.
_bres.; tbl.; grf.; hrt.
_c27 sm.
504 _aKaynakça var.
650 _aDeprem bölgeleri
_xAraştırma ve inceleme
_zTürkiye
650 _aSismoloji
_xBölgesel analizler
_zSakarya
650 _aDeprem
_xBölgesel analizler
_zSakarya
700 _aTecim, Vahap
942 _2ddc
_cBKS
999 _c5763
_d5763